000 00388cam a2200145ua 4500
003 OSt
008 250627b |||||||| |||| 00| 0 eng d
082 _a624.18341
_bRAO/CA
100 _aRao, K L .
_91809
245 _aCalculations Design and Testing of Reinforced Concrete /
250 _a4 /
260 _aNew Delhi :
_bCharotar Book Stall ,
_c1965.
300 _a592 ; .
942 _cBK
999 _c2456
_d2456